UITU Library & LRC     

Engineering Drawing For I B E/ B Tech Students (Record no. 12277)

MARC details
000 -LEADER
fixed length control field 00511nam a2200181Ia 4500
008 - FIXED-LENGTH DATA ELEMENTS--GENERAL INFORMATION
fixed length control field 240925s9999 xx 000 0 und d
020 ## - INTERNATIONAL STANDARD BOOK NUMBER
International Standard Book Number 9788122431490
082 ## - DEWEY DECIMAL CLASSIFICATION NUMBER
Classification number 604.24 VEN
100 ## - MAIN ENTRY--PERSONAL NAME
Personal name Venugopal, K; Raja ,V. Prabhu
245 #0 - TITLE STATEMENT
Title Engineering Drawing For I B E/ B Tech Students
250 ## - EDITION STATEMENT
Edition statement 6th
260 ## - PUBLICATION, DISTRIBUTION, ETC.
Place of publication, distribution, etc. New Delhi:
Name of publisher, distributor, etc. New Age International (Pvt) Limited
Date of publication, distribution, etc. ,2011.
300 ## - PHYSICAL DESCRIPTION
Extent xiv,468p.
Other physical details N.A
Type of unit Original
500 ## - GENERAL NOTE
General note NA
600 ## - SUBJECT ADDED ENTRY--PERSONAL NAME
Personal name Engineering Technology
650 ## - SUBJECT ADDED ENTRY--TOPICAL TERM
Topical term or geographic name entry element Technology
942 ## - ADDED ENTRY ELEMENTS (KOHA)
Koha item type Books
Holdings
Withdrawn status Lost status Damaged status Not for loan Collection Home library Current library Date acquired Source of acquisition Cost, normal purchase price Total checkouts Full call number Barcode Date last seen Price effective from Koha item type
        Engineering Technology UITU Library UITU Library 09/27/2013 Royal Book Company 1177.00   604.24 VEN Q9778 09/25/2024 09/25/2024 Books

Powered by Koha